00604nam a2200229 a 4500001001300000003000900013005001700022008004100039020001000080082001300090100001600103245002800119260003000147300000900177500003500186505001000221650002000231902000800251942000700259952009300266999001500359nice12345678IN_TiNIC20260116011624.0050524s1948 teha grp 000 0 per  ac10000a261bELD aElder, John aRah-E-Islahat-E-Ijtemai aTehranbNur-I-Jahanc1948 a121p aincludes index and biblioraphy2 aIndex aTheology-Social bSRS cBK 00104070aHMIbHMId2007-07-10g100.00l0o261 ELDp4454r2007-07-10w2026-01-16yARB c2944d2944